Abuja (Record no. 38169)

MARC details
000 -LEADER
fixed length control field 00447nam a2200145Ia 4500
022 ## - INTERNATIONAL STANDARD SERIAL NUMBER
ISSN LB 2970 .N55 E387/
050 ## - CALL MARK
Classification number Education trust fund
245 #0 - TITLE STATEMENT
Title Abuja
260 ## - PUBLICATION, DISTRIBUTION, ETC. (IMPRINT)
Place of publication Education Trust Fund
260 ## - PUBLICATION, DISTRIBUTION, ETC. (IMPRINT)
Year of publication volumes : color illustrations ; 23 cm.
300 ## - PHYSICAL DESCRIPTION
Number of Pages Education Trust Fund (Nigeria)--Periodicals. Education and state--Nigeria--Periodicals.
650 ## - SUBJECT ADDED ENTRY--TOPICAL TERM
Topical Term SR

No items available.